| 000 | 00395pab a2200157 454500 | ||
|---|---|---|---|
| 008 | 180718b2014 xxu||||| |||| 00| 0 eng d | ||
| 100 | _aMessina, Anthony M. | ||
| 245 | _aSecuritizing immigration in the age of terror ( a review article) | ||
| 260 | _c2014 | ||
| 300 | _ap.530-539. | ||
| 362 | _aJul | ||
| 650 | _aImmigration | ||
| 773 | _aWorld Politics | ||
| 908 | _aN | ||
| 909 | _a104806 | ||
| 999 |
_c104801 _d104801 |
||